000 00508nam a2200181Ia 4500
001 4941
005 20260306145831.0
008 260306t2010||||xx |||||||||||||| ||spa||
041 _aESP
082 _a332.024
_bH43
100 _aHernández Reche, Vicente
_eAUT
245 0 _aLa gallina de los huevos de oro...puedes ser tú:
_baprende a ahorrar, a invertir y a multiplicar tu dinero
260 _c2010
300 _a262 páginas :
_c23 cm.
650 _aGEN
654 _aCAN
942 _cLIB
_dJUS
_fJUS
_2ddc
_n
999 _c4941
_d4941